Východiská a perspektívy maloobchodu na európskom trhu

Faktory vplývajúce na rozvoj a formovanie obchodu. Marketing ako východisko ďalšieho rozvoja obchodu. Nové formy marketingu - vzťahový marketing, trade marketing, shopper marketing. Maloobchodný trh strednej a východnej Európy. Perspektívy vývoja maloobchodu. Využívanie IT ako najvýznamnejšia oblasť...

Ausführliche Beschreibung

Gespeichert in:
Bibliographische Detailangaben
1. Verfasser: Francová, Zuzana, 1971-
Format: Buchkapitel
Sprache:Slowakisch
Schlagworte:
Tags: Tag hinzufügen
Keine Tags, Fügen Sie das erste Tag hinzu!

MARC

LEADER 00000naa$a2200000$$$4500
001 0071123
005 20240502071842.8
041 0 |a slo 
044 |a SK 
245 1 0 |a Východiská a perspektívy maloobchodu na európskom trhu  |c Zuzana Francová 
520 |a Faktory vplývajúce na rozvoj a formovanie obchodu. Marketing ako východisko ďalšieho rozvoja obchodu. Nové formy marketingu - vzťahový marketing, trade marketing, shopper marketing. Maloobchodný trh strednej a východnej Európy. Perspektívy vývoja maloobchodu. Využívanie IT ako najvýznamnejšia oblasť formovania maloobchodu a využívania tzv. alternatívnych distribučných kanálov. Využívanie systému viacerých distribučných kanálov. Ďalšie smerovanie maloobchodu a využívanie distribučných kanálov určuje spotrebiteľ. Závisí to od povahy produktu, potrieb a očakávaní zákazníkov. 
610 2 0 |a maloobchod 
610 2 0 |a predaj 
610 2 0 |a kanály distribučné 
610 2 0 |a internet 
610 2 0 |a spotrebitelia 
610 2 0 |a Európa 
100 1 |a Francová, Zuzana, 1971-